| 000 | 00524nam a2200181Ia 4500 | ||
|---|---|---|---|
| 003 | OSt | ||
| 005 | 20201006131457.0 | ||
| 008 | 190216s9999||||xx |||||||||||||| ||und|| | ||
| 020 | _a812241267X | ||
| 040 | _coclc | ||
| 082 |
_a004 _bRAM/C |
||
| 100 |
_aRam, B _91052 |
||
| 245 | 0 |
_aComputer Fundamentals Architecture And Organization / _cB Ram |
|
| 250 | _a3rd Ed. | ||
| 260 |
_bNew Age International Publishers, _c2000. _aNew Delhi: |
||
| 650 | _aPhysics | ||
| 942 |
_cBK _2ddc _h004 _iRAM/C _k004 _mRAM/C |
||
| 999 |
_c8678 _d8678 |
||